"i" Country Capital Matching Quiz - Statistics

General Stats
  • This quiz has been taken 30 times
  • The average score is 8 of 9
Answer Stats
Hint Answer % Correct
Italy Rome
96%
Ireland Dublin
92%
India New Delhi
92%
Indonesia Jakarta
88%
Iceland Reykjavik
88%
Israel Jerusalem
83%
Ivory Coast Yamoussoukro
83%
Iran Tehran
75%
Iraq Baghdad
71%
No matching quizzes found
Score Distribution
Percent of People with Each Score
Percentile by Number Answered
Your Score History
You have not taken this quiz